Špecifické požiadavky na audit účtovnej závierky v kótovaných spoločnostiach diplomová práca

Gespeichert in:
Bibliographische Detailangaben
1. Verfasser: Antalová, Janka
Körperschaft: Fakulta hospodárskej informatiky EU. Katedra účtovníctva a audítorstva
Weitere Verfasser: Tumpach, Miloš, 1970-
Format: Buch
Sprache:Slowakisch
Veröffentlicht: Bratislava 2014
Tags: Tag hinzufügen
Keine Tags, Fügen Sie das erste Tag hinzu!

MARC

LEADER 00000nbm a2200000 4500
001 0188471
005 20170201102923.2
041 0 |a slo 
044 |a SK 
245 1 0 |a Špecifické požiadavky na audit účtovnej závierky v kótovaných spoločnostiach  |b diplomová práca  |c Janka Antalová ; školiteľ: Miloš Tumpach 
264 1 |a Bratislava  |c 2014 
300 |a 54 s. 
100 1 |a Antalová, Janka 
700 1 |a Tumpach, Miloš, 1970- 
710 2 |a Fakulta hospodárskej informatiky EU. Katedra účtovníctva a audítorstva